Guess the manager by career path - Statistics

General Stats
  • This quiz has been taken 28 times
  • The average score is 9 of 15
Answer Stats
Hint Answer % Correct
1984–1987 Nancy1987–1994 Monaco 1995–1996 Nagoya Grampus Eight 1996–2018 Arsenal Arsène Wenger
100%
2006 Racing Club2006–2007 Estudiantes 2007–2008 River Plate 2009–2010 San Lorenzo 2011 Catania 2011 Racing Club 2011– Atlético Madrid Diego Simeone
96%
2012–2013 Go Ahead Eagles2013–2015 Bayern Munich II 2015–2017 Utrecht 2018–2022 Ajax 2022–2024 Manchester United 2025 Bayer Leverkusen Erik ten Hag
96%
2000–2001 Vitesse2001–2005 Ajax 2005–2006 Benfica 2006–2007 PSV 2007–2008 Valencia 2009 AZ 2011–2014 Feyenoord 2014–2016 Southampton 2016–2017 Everton 2018–2020 Netherlands 2020–2021 Barcelona 2023– Netherlands Ronald Koeman
87%
2008–2011 Bournemouth2011–2012 Burnley 2012–2020 Bournemouth 2021– Newcastle United Eddie Howe
78%
2008–2011 Leeds Carnegie2011–2018 Östersund 2018–2019 Swansea City 2019–2022 Brighton & Hove Albion 2022–2023 Chelsea 2025 West Ham United 2025– Sweden Graham Potter
78%
2017–2018 Liverpool U18/U192018–2021 Rangers 2021–2022 Aston Villa 2023–2025 Al-Ettifaq Steven Gerrard
74%
2018–2019 AEK Larnaca2019–2020 Mirandés 2020–2023 Rayo Vallecano 2023– Bournemouth Andoni Iraola
61%
2016–2020 FC Pipinsried2022–2024 FC St. Pauli 2024– Brighton & Hove Albion Fabian Hürzeler
57%
1997–2000 Portugalete2000–2001 Aurrerá 2001–2005 Sevilla (youth) 2005–2006 Athletic Bilbao (youth) 2006–2007 Bilbao Athletic 2009–2011 Bilbao Athletic 2011 Alavés 2013–2018 Spain U19 2018–2022 Spain U21 2021 Spain U23 2022– Spain Luis de la Fuente
39%
2018–2019 Inter Milan U142019–2020 Inter Milan U17 2020–2021 Inter Milan U18 2021–2024 Inter Milan U19 2025 Parma 2025– Inter Milan Cristian Chivu
35%
2001–2002 Athletic Bilbao (assistant)2002–2003 Bilbao Athletic 2003–2005 Athletic Bilbao 2006–2008 Espanyol 2008–2009 Olympiacos 2009–2010 Villarreal 2010–2012 Olympiacos 2012–2013 Valencia 2013–2017 Athletic Bilbao 2017–2020 Barcelona 2022– Athletic Bilbao Ernesto Valverde
35%
2025 Norwich City (interim)2025– Luton Town Jack Wilshere
30%
1997–1998 Lealtad2001–2003 Sporting Gijón B 2003–2005 Sporting Gijón 2005–2007 Recreativo 2007–2008 Racing Santander 2008–2009 Zaragoza 2011 Racing Santander 2011–2012 Sevilla 2013–2016 Villarreal 2017–2019 Valencia 2021–2022 Athletic Bilbao 2023 Marseille 2023– Villarreal Marcelino García Toral
22%
1999–2001 Villefranche2005–2006 Besançon 2015–2019 Lyon 2019–2021 Beijing Guoan 2021–2023 Rennes 2024– Lille Bruno Génésio
13%
No matching quizzes found
Score Distribution
Percent of People with Each Score
Percentile by Number Answered
Your Score History
You have not taken this quiz